El islam, para un diálogo necesario

Saved in:
Bibliografiske detaljer
Hovedforfatter: Sols Lucia, Luis (Author)
Format: Bog
Sprog:spansk
Udgivet: Barcelona Cristianisme i Justícia 1998
Serier:Cuadernos, 82
Fag:
Tags: Tilføj Tag
Ingen Tags, Vær først til at tagge denne postø!

MARC

LEADER 00000nam a2200000 a 4500
001 UCN2499
003 CL-VaPUC
008 010530e19980000SP |||||||||||||||||spa|d
082 0 4 |a 297  |b SOL  |2 21 
100 0 |a Sols Lucia, Luis  |e author  |9 458486 
245 1 3 |a El islam, para un diálogo necesario 
300 |a 40 p 
942 |c BK 
945 |d 20010530 00:00:00  |a vberengu 
260 |a Barcelona  |b Cristianisme i Justícia  |c 1998 
650 0 |a Musulmanes  |9 332296 
650 0 |a Religión   |9 255164 
650 0 |a Mujer  |9 255613 
583 |a last modification  |c 20010530 00:00:00  |k Rodrigo Vera 
490 0 |a Cuadernos, 82 
999 |c 295597  |d 295595 
952 |0 0  |1 0  |4 0  |6 297_000000000000000_SOL_1998  |7 0  |8 A  |9 348865  |a BIBHIS  |b BIBHIS  |d 2019-11-20  |i 3729370  |o 297 SOL 1998  |p 3729370  |r 2025-01-20  |w 2019-11-20  |y BK  |k HIS